[Event "Regionalliga Sued-Ost 1718"]
[Site "Bayern"]
[Date "2018.01.21"]
[Round "5.6"]
[White "Tunka, Philipp"]
[Black "Probst, Albert"]
[Result "0-1"]
[WhiteElo "2066"]
[BlackElo "1975"]
[PlyCount "78"]
[EventDate "2017.10.22"]
[EventType "team-tourn"]
[EventRounds "9"]
[EventCountry "GER"]
[SourceTitle "EXT 2022"]
[Source "ChessBase"]
[SourceDate "2021.10.06"]
[SourceVersion "1"]
[SourceVersionDate "2021.10.06"]
[SourceQuality "1"]
[WhiteTeam "Groebenzell II"]
[BlackTeam "Bruckmuehl SK"]
[WhiteTeamCountry "GER"]
[BlackTeamCountry "GER"]

1. d4 g6 2. e4 Bg7 3. Nc3 d6 4. Be3 Nc6 5. Qd2 e5 6. d5 Nce7 7. f3 f5 8. 0-0-0 f4 9. Bf2 g5 10. g3 Ng6 11. Bb5+ Kf7 12. Nce2 a6 13. Bd3 h5 14. gxf4 gxf4 15. c4 b6 16. Nc3 Nf6 17. h4 Bh6 18. Nh3 Bxh3 19. Rxh3 Qd7 20. Rhh1 Rag8 21. Rdg1 Nf8 22. Bf1 Qe7 23. Bh3 Rxg1+ 24. Rxg1 Rg8 25. Rh1 Rg7 26. Bf5 Kg8 27. Qd1 Kh8 28. Qa4 Rg2 29. Nd1 Qg7 30. Bh3 Rxf2 31. Nxf2 Qg3 32. Qc2 Qxf3 33. Re1 Ng4 34. Nxg4 hxg4 35. Bf1 Qg3 36. Kd1 f3 37. Bd3 Qf4 38. Rf1 g3 39. Ke1 g2 0-1

[Event "Bayern-ch"]
[Site "Rosenheim"]
[Date "2014.08.27"]
[Round "7"]
[White "Braun, Thomas1"]
[Black "Probst, Albert"]
[Result "1-0"]
[WhiteElo "2151"]
[BlackElo "2102"]
[PlyCount "85"]
[EventDate "2014.08.23"]
[EventType "swiss"]
[EventRounds "9"]
[EventCountry "GER"]
[SourceTitle "EXT 2015"]
[Source "ChessBase"]
[SourceDate "2014.11.20"]
[SourceVersion "1"]
[SourceVersionDate "2014.11.20"]
[SourceQuality "1"]

1. d4 g6 2. c4 Bg7 3. Nc3 d6 4. e4 Nc6 5. Be3 e5 6. Nge2 f5 7. exf5 Bxf5 8. dxe5 Bxe5 9. Ng3 Nge7 10. Be2 Qd7 11. Qd2 0-0 12. 0-0 Rae8 13. Rad1 Qc8 14. Nd5 Nxd5 15. cxd5 Ne7 16. Rc1 c5 17. dxc6 bxc6 18. Bd4 Qb7 19. Bc4+ Nd5 20. f4 Bxd4+ 21. Qxd4 Be6 22. Ne4 Qe7 23. Ng5 Rxf4 24. Rxf4 Qxg5 25. Rff1 Ne3 26. Bxe6+ Rxe6 27. Qd2 d5 28. g3 d4 29. Rf4 c5 30. b4 Rc6 31. Rxd4 cxd4 32. Rxc6 Qd5 33. Rc8+ Kg7 34. Qf2 Nf5 35. g4 Qd7 36. Rc5 Ne3 37. Qf4 Qxg4+ 38. Qxg4 Nxg4 39. Rd5 Kf6 40. Rxd4 Ne5 41. Kf2 Kf5 42. b5 h5 43. Ra4 1-0

[Event "Bayern-ch"]
[Site "Rosenheim"]
[Date "2014.08.26"]
[Round "6"]
[White "Probst, Albert"]
[Black "Grawe, Christian"]
[Result "0-1"]
[WhiteElo "2102"]
[BlackElo "2214"]
[PlyCount "80"]
[EventDate "2014.08.23"]
[EventType "swiss"]
[EventRounds "9"]
[EventCountry "GER"]
[SourceTitle "EXT 2015"]
[Source "ChessBase"]
[SourceDate "2014.11.20"]
[SourceVersion "1"]
[SourceVersionDate "2014.11.20"]
[SourceQuality "1"]

1. f4 c5 2. b3 g6 3. Bb2 Nf6 4. Nf3 Bg7 5. e3 d6 6. Bb5+ Nc6 7. 0-0 0-0 8. Bxc6 bxc6 9. d3 h6 10. Qe2 a5 11. a4 Be6 12. Nbd2 Qb6 13. Rab1 Rab8 14. Bc3 Nd5 15. Bxg7 Kxg7 16. Nc4 Nc3 17. Qe1 Qb4 18. Rc1 f6 19. e4 Bf7 20. Ne3 c4 21. Nxc4 d5 22. Ncd2 Qa3 23. Nb1 Qxc1 24. Qxc3 Qxf4 25. e5 Be6 26. Qxc6 Qe3+ 27. Kh1 Rb6 28. Qc7 fxe5 29. Qxe7+ Rf7 30. Qh4 Rb4 31. Qe1 Qxe1 32. Rxe1 e4 33. dxe4 Rxe4 34. Nbd2 Rxe1+ 35. Nxe1 Rf2 36. Nef3 Bg4 37. Kg1 Re2 38. c4 Bxf3 39. Nxf3 dxc4 40. bxc4 Ra2 0-1

[Event "Oberbayern-ch"]
[Site "Rosenheim"]
[Date "2014.05.29"]
[Round "2.9"]
[White "Frese, Daniel"]
[Black "Probst, Albert"]
[Result "1-0"]
[WhiteElo "2019"]
[BlackElo "1928"]
[PlyCount "119"]
[EventDate "2014.05.29"]
[EventType "swiss"]
[EventRounds "7"]
[EventCountry "GER"]
[SourceTitle "EXT 2022"]
[Source "ChessBase"]
[SourceDate "2021.10.06"]
[SourceVersion "1"]
[SourceVersionDate "2021.10.06"]
[SourceQuality "1"]

1. e4 d5 2. exd5 Qxd5 3. Nc3 Qa5 4. d4 Bf5 5. Nf3 e6 6. Ne5 Nf6 7. Nc4 Qb4 8. Bd2 Qe7 9. Ne5 Nbd7 10. Qf3 c6 11. Bd3 Bxd3 12. Qxd3 0-0-0 13. Qg3 Nb6 14. 0-0-0 Rxd4 15. Be3 Rb4 16. Bxb6 axb6 17. a3 Ne4 18. Qe3 Nxc3 19. Qxc3 Rb5 20. Nxc6 Qg5+ 21. Kb1 Rc5 22. Na7+ Kb8 23. Qb3 Kxa7 24. Rd7 Qxg2 25. Rhd1 Qc6 26. Rd8 Rd5 27. R1xd5 exd5 28. Qg3 b5 29. Qb8+ Kb6 30. Re8 Qd7 31. Rd8 Qc7 32. Qa8 g6 33. a4 bxa4 34. Rxd5 Kc6 35. Rd3 Bg7 36. Qxa4+ Kb6 37. Rb3+ Kc5 38. Rb5+ Kd6 39. Qf4+ Kd7 40. Qa4 Qc6 41. Rxb7+ Kd6 42. Qb4+ Qc5 43. Rb6+ Kd5 44. Rb5 Rc8 45. Qd2+ Kc6 46. Rxc5+ Kxc5 47. b4+ Kc6 48. c4 Kc7 49. Qf4+ Kb7 50. Qxf7+ Rc7 51. Qd5+ Kc8 52. Kc2 Bh6 53. Kb3 Rd7 54. Qa8+ Kc7 55. c5 Bf4 56. b5 Rd3+ 57. Kc4 Rd2 58. Qc6+ Kb8 59. Qe8+ Kb7 60. Qe4+ 1-0

[Event "Oberbayern-ch"]
[Site "Rosenheim"]
[Date "2014.05.29"]
[Round "1.8"]
[White "Probst, Albert"]
[Black "Lochte, Thomas"]
[Result "0-1"]
[WhiteElo "1928"]
[BlackElo "2107"]
[PlyCount "36"]
[EventDate "2014.05.29"]
[EventType "swiss"]
[EventRounds "7"]
[EventCountry "GER"]
[SourceTitle "EXT 2022"]
[Source "ChessBase"]
[SourceDate "2021.10.06"]
[SourceVersion "1"]
[SourceVersionDate "2021.10.06"]
[SourceQuality "1"]

1. Nf3 c5 2. d4 cxd4 3. Nxd4 d5 4. Nc3 e5 5. Nf3 d4 6. Nxe5 Be6 7. e4 dxc3 8. Bb5+ Nd7 9. 0-0 Ngf6 10. Bg5 cxb2 11. Rb1 h6 12. Bxf6 gxf6 13. Qd4 fxe5 14. Qxe5 Rg8 15. Rfd1 Bg7 16. Qg3 Qg5 17. Bxd7+ Bxd7 18. Qc7 Qxg2+ 0-1

[Event "Regionalliga SO 1314"]
[Site "Bayern"]
[Date "2013.10.13"]
[Round "1.6"]
[White "Probst, Albert"]
[Black "Senff, Rudolf"]
[Result "1/2-1/2"]
[WhiteElo "1928"]
[BlackElo "1706"]
[PlyCount "56"]
[EventDate "2013.10.13"]
[EventType "team-tourn"]
[EventRounds "9"]
[EventCountry "GER"]
[SourceTitle "EXT 2015"]
[Source "ChessBase"]
[SourceDate "2014.11.20"]
[SourceVersion "1"]
[SourceVersionDate "2014.11.20"]
[SourceQuality "1"]
[WhiteTeam "Bruckmuehl"]
[BlackTeam "Landau Dingolfing"]
[WhiteTeamCountry "GER"]
[BlackTeamCountry "GER"]

1. f4 Nf6 2. Nf3 g6 3. b3 d5 4. Bb2 Bg7 5. e3 0-0 6. Be2 c5 7. 0-0 Nc6 8. Ne5 d4 9. Nxc6 bxc6 10. Bf3 Bb7 11. e4 e5 12. fxe5 Nd7 13. d3 Nxe5 14. Nd2 Ba6 15. Qe2 Re8 16. Rae1 Rb8 17. Bc1 Bc8 18. g3 Nxf3+ 19. Qxf3 Be6 20. Rf2 Qd7 21. Qf4 Rb7 22. Ba3 Bf8 23. Nf3 Bd6 24. e5 Bf8 25. Ng5 Bd5 26. Ne4 Bxe4 27. Rxe4 Re6 28. Rfe2 Qd5 1/2-1/2

[Event "Bayern-ch"]
[Site "Westerndorf St Peter"]
[Date "2013.08.29"]
[Round "7.15"]
[White "Lochte, Thomas"]
[Black "Probst, Albert"]
[Result "1-0"]
[WhiteElo "2164"]
[BlackElo "2123"]
[PlyCount "37"]
[EventDate "2013.08.25"]
[EventType "swiss"]
[EventRounds "9"]
[EventCountry "GER"]
[SourceTitle "EXT 2019"]
[Source "ChessBase"]
[SourceDate "2018.10.10"]
[SourceVersion "1"]
[SourceVersionDate "2018.10.10"]
[SourceQuality "1"]

1. e4 g6 2. d4 Bg7 3. Nc3 d6 4. Be2 Nd7 5. f4 c5 6. d5 a6 7. a4 b6 8. Nf3 Bb7 9. 0-0 Qc7 10. Bc4 Nh6 11. Qe1 f5 12. e5 dxe5 13. fxe5 Nxe5 14. Nxe5 Bxe5 15. Bxh6 Bxh2+ 16. Kh1 0-0-0 17. Qe6+ Kb8 18. Rae1 Bd6 19. Kg1 1-0

[Event "Bayern-ch"]
[Site "Westerndorf St Peter"]
[Date "2013.08.27"]
[Round "4.13"]
[White "Schelle, Artur"]
[Black "Probst, Albert"]
[Result "1-0"]
[WhiteElo "2210"]
[BlackElo "2123"]
[PlyCount "78"]
[EventDate "2013.08.25"]
[EventType "swiss"]
[EventRounds "9"]
[EventCountry "GER"]
[SourceTitle "EXT 2019"]
[Source "ChessBase"]
[SourceDate "2018.10.10"]
[SourceVersion "1"]
[SourceVersionDate "2018.10.10"]
[SourceQuality "1"]

1. e4 g6 2. d4 Bg7 3. Nc3 d6 4. Bg5 Nd7 5. Qd2 h6 6. Be3 Ngf6 7. f3 a6 8. 0-0-0 b5 9. Kb1 e5 10. Nge2 Qe7 11. dxe5 dxe5 12. Nc1 Bb7 13. Nb3 Rd8 14. a4 0-0 15. Bd3 b4 16. Na2 c5 17. a5 Kh7 18. Qf2 Rc8 19. Bc4 Rfd8 20. Rd2 Bf8 21. Rhd1 Qe8 22. Qh4 Ng8 23. Nac1 Be7 24. Qf2 Ngf6 25. Nd3 Qf8 26. Ndxc5 Nxc5 27. Rxd8 Rxd8 28. Rxd8 Qxd8 29. Bxc5 Qd1+ 30. Nc1 Bxc5 31. Qxc5 Bxe4 32. fxe4 Nxe4 33. Qd5 Qxd5 34. Bxd5 Nd2+ 35. Ka2 e4 36. Nb3 Nxb3 37. Kxb3 f5 38. Kxb4 g5 39. Kc4 g4 1-0

[Event "Budapest FS05 FM-A"]
[Site "Budapest"]
[Date "2009.05.09"]
[Round "7"]
[White "Probst, Albert"]
[Black "Nagy, Laszlo"]
[Result "1-0"]
[WhiteElo "2104"]
[BlackElo "2046"]
[PlyCount "95"]
[EventDate "2009.05.02"]
[EventType "tourn"]
[EventRounds "9"]
[EventCountry "HUN"]
[SourceTitle "CBM 130 Extra"]
[Source "ChessBase"]
[SourceDate "2009.07.02"]
[SourceVersion "2"]
[SourceVersionDate "2009.07.15"]
[SourceQuality "1"]

1. d4 d6 2. Nf3 Nf6 3. c4 g6 4. g3 Bg7 5. Bg2 0-0 6. 0-0 Nc6 7. Nc3 e5 8. dxe5 dxe5 9. h3 Be6 10. b3 h6 11. Ba3 Re8 12. Qc1 Qc8 13. Kh2 Nh5 14. e3 f5 15. Qc2 e4 16. Ng1 Ne5 17. Rad1 c6 18. Rd2 Qc7 19. Rfd1 Rad8 20. Bd6 Qf7 21. c5 Qf6 22. Nce2 g5 23. Nd4 Bd5 24. Nge2 f4 25. Nc3 f3 26. Bf1 Qg6 27. Nxd5 cxd5 28. Bxe5 Rxe5 29. Nxf3 Re6 30. Nd4 Rf6 31. Nb5 Rdf8 32. Nc3 Qf7 33. Nxe4 Rf3 34. Rxd5 Nxg3 35. Bc4 Kh8 36. R5d2 Nxe4 37. Bxf7 Nxd2 38. Rxd2 Be5+ 39. Kg2 R8xf7 40. Qg6 Bg7 41. Rd8+ Rf8 42. Rxf8+ Rxf8 43. b4 Rf6 44. Qe4 Rf7 45. Qe8+ Rf8 46. Qd7 b6 47. Qxa7 bxc5 48. Qxc5 1-0

[Event "Budapest FS05 FM-A"]
[Site "Budapest"]
[Date "2009.05.05"]
[Round "4"]
[White "Katona, Jozsef3"]
[Black "Probst, Albert"]
[Result "0-1"]
[WhiteElo "1951"]
[BlackElo "2104"]
[PlyCount "110"]
[EventDate "2009.05.02"]
[EventType "tourn"]
[EventRounds "9"]
[EventCountry "HUN"]
[SourceTitle "CBM 130 Extra"]
[Source "ChessBase"]
[SourceDate "2009.07.02"]
[SourceVersion "2"]
[SourceVersionDate "2009.07.15"]
[SourceQuality "1"]

1. d4 g6 2. e4 Bg7 3. Nf3 d6 4. c3 Bg4 5. Be2 Nc6 6. 0-0 e5 7. d5 Nce7 8. Ng5 Bxe2 9. Qxe2 h6 10. Nh3 f5 11. f3 Nf6 12. c4 Qd7 13. b4 0-0 14. Nc3 g5 15. Nf2 Ng6 16. c5 f4 17. Bd2 h5 18. Rac1 g4 19. cxd6 cxd6 20. Nb5 gxf3 21. gxf3 Rfc8 22. Kh1 Nh4 23. Nc3 Kh7 24. a4 Bh6 25. Rg1 Rg8 26. b5 Rxg1+ 27. Rxg1 Rg8 28. Rxg8 Kxg8 29. Nd3 Qh3 30. Ne1 Nh7 31. Nd1 Ng5 32. Nf2 Qc8 33. Nfd3 Bf8 34. Nf2 Be7 35. a5 Qc5 36. h3 Kf7 37. Kh2 Qa3 38. Nfd3 Qb3 39. Qf2 Qxb5 40. Bb4 Nhxf3+ 41. Nxf3 Qxd3 42. Nxg5+ Bxg5 43. Qg2 Be7 44. Be1 f3 45. Qg3 Qxe4 46. Bf2 a6 47. h4 Qxd5 48. Be3 Qa2+ 49. Bf2 Qe2 50. Kg1 Qe4 51. Kh1 Qg4 52. Qh2 d5 53. Bg3 Bf6 54. Bf2 d4 55. Be1 Qg2+ 0-1

[Event "Budapest FS05 FM-A"]
[Site "Budapest"]
[Date "2009.05.02"]
[Round "1"]
[White "Probst, Albert"]
[Black "Letay, Gyula"]
[Result "1-0"]
[WhiteElo "2104"]
[BlackElo "2067"]
[PlyCount "63"]
[EventDate "2009.05.02"]
[EventType "tourn"]
[EventRounds "9"]
[EventCountry "HUN"]
[SourceTitle "CBM 130 Extra"]
[Source "ChessBase"]
[SourceDate "2009.07.02"]
[SourceVersion "2"]
[SourceVersionDate "2009.07.15"]
[SourceQuality "1"]

1. Nf3 Nf6 2. d4 d5 3. c4 e6 4. Nc3 Be7 5. g3 0-0 6. Bg2 b6 7. cxd5 exd5 8. 0-0 h6 9. Bf4 a6 10. Rc1 Bb7 11. Qd3 c5 12. dxc5 bxc5 13. Rfd1 d4 14. Na4 Qa5 15. Qa3 Nd5 16. Nxc5 Qxa3 17. bxa3 Bxc5 18. Rxc5 Nc3 19. Re1 Bxf3 20. Bxf3 Ra7 21. e3 Nb5 22. a4 Nd7 23. Rc6 g5 24. axb5 gxf4 25. b6 Ne5 26. bxa7 Nxf3+ 27. Kf1 Kg7 28. Rxa6 Ra8 29. Rd1 dxe3 30. fxe3 fxe3 31. Ke2 Nxh2 32. Rb1 1-0

[Event "Bayern-chI Bank Hofmann 12th"]
[Site "Bad Wiessee"]
[Date "2008.11.02"]
[Round "2"]
[White "Probst, Albert"]
[Black "Koepke, Christian"]
[Result "0-1"]
[WhiteElo "2108"]
[BlackElo "2356"]
[PlyCount "114"]
[EventDate "2008.11.01"]
[EventType "swiss"]
[EventRounds "9"]
[EventCountry "GER"]
[SourceTitle "EXT 2009"]
[Source "ChessBase"]
[SourceDate "2008.11.26"]
[SourceVersion "1"]
[SourceVersionDate "2008.11.26"]
[SourceQuality "1"]

1. Nf3 f5 2. d4 Nf6 3. c4 g6 4. g3 Bg7 5. Bg2 0-0 6. 0-0 d6 7. Nc3 Nc6 8. b3 e5 9. dxe5 dxe5 10. Qxd8 Rxd8 11. e4 fxe4 12. Ng5 Nd4 13. Ngxe4 Nxe4 14. Bxe4 c6 15. Bg5 Rf8 16. Kg2 Bf5 17. Rad1 Rf7 18. Bd3 Bg4 19. Rc1 Bf3+ 20. Kg1 e4 21. Bxe4 Bxe4 22. Nxe4 Ne2+ 23. Kg2 Nxc1 24. Rxc1 a5 25. Rd1 a4 26. Nc5 a3 27. Ne6 Bf6 28. Be3 Re7 29. Nc5 Bg7 30. Na4 b5 31. Nb6 Rb8 32. c5 Rbe8 33. Rd6 Re6 34. Rd7 Bf8 35. Ra7 b4 36. Ra4 Rxe3 37. fxe3 Rxe3 38. Ra8 Kf7 39. Nd7 Be7 40. Kf2 Rc3 41. Ne5+ Ke6 42. Nxc6 Bxc5+ 43. Ke1 Rc1+ 44. Kd2 Ra1 45. Kd3 Kd5 46. Na5 Rxa2 47. Nc4 Rxh2 48. Ra5 Rh3 49. Ne3+ Kc6 50. Nf1 Kb6 51. Ra8 Kb5 52. Rb8+ Bb6 53. Re8 Rh5 54. Re1 Rd5+ 55. Kc2 Bd4 56. Kb1 Bc3 57. Rc1 Re5 0-1

[Event "Oberbayern-ch"]
[Site "Waldkraiburg"]
[Date "2008.05.01"]
[Round "1"]
[White "Poetsch, Klaus"]
[Black "Probst, Albert"]
[Result "1-0"]
[WhiteElo "2245"]
[BlackElo "2108"]
[PlyCount "41"]
[EventDate "2008.05.01"]
[EventType "swiss"]
[EventRounds "7"]
[EventCountry "GER"]
[SourceTitle "EXT 2022"]
[Source "ChessBase"]
[SourceDate "2021.10.06"]
[SourceVersion "1"]
[SourceVersionDate "2021.10.06"]
[SourceQuality "1"]

1. d4 g6 2. c4 Bg7 3. e4 d6 4. Nf3 Bg4 5. Be2 Nc6 6. d5 Bxf3 7. Bxf3 Nd4 8. g3 e5 9. Bg2 Ne7 10. 0-0 0-0 11. Nc3 f5 12. exf5 Nexf5 13. Ne4 h6 14. Bd2 b6 15. b4 Qd7 16. Rb1 Kh7 17. Qg4 Qa4 18. Rb2 Qa3 19. Bc3 Rf7 20. Qh3 Ne2+ 21. Rxe2 1-0

[Event "Regionalliga SO 0405"]
[Site "Bayern"]
[Date "2005.01.30"]
[Round "6.6"]
[White "Probst, Albert"]
[Black "Luft, Martin"]
[Result "1-0"]
[WhiteElo "1964"]
[BlackElo "2076"]
[PlyCount "57"]
[EventDate "2004.10.24"]
[EventType "team-tourn"]
[EventRounds "9"]
[EventCountry "GER"]
[SourceTitle "EXT 2007"]
[Source "ChessBase"]
[SourceDate "2006.11.23"]
[SourceVersion "1"]
[SourceVersionDate "2006.11.23"]
[SourceQuality "1"]
[WhiteTeam "Vogtareuth"]
[BlackTeam "Graefelfing"]
[WhiteTeamCountry "GER"]
[BlackTeamCountry "GER"]

1. Nf3 d5 2. d4 Nf6 3. c4 e6 4. Nc3 Be7 5. Bg5 0-0 6. e3 Nbd7 7. Bd3 b6 8. cxd5 exd5 9. 0-0 Bb7 10. Rc1 c5 11. Qe2 Rc8 12. Ba6 Bxa6 13. Qxa6 Ra8 14. Rfd1 cxd4 15. Nxd4 Nc5 16. Qe2 Qd7 17. Qf3 Ne6 18. Bxf6 Bxf6 19. Qxd5 Qe7 20. Nxe6 Qxe6 21. Qxe6 fxe6 22. b3 Rac8 23. Ne4 Bb2 24. Rxc8 Rxc8 25. Kf1 Rc1 26. Rxc1 Bxc1 27. Ke2 Ba3 28. Ng5 e5 29. Kd3 1-0

[Event "Regionalliga SO 0203"]
[Site "Bayern"]
[Date "2003.02.23"]
[Round "7.7"]
[White "Leebsack, Juergen"]
[Black "Probst, Albert"]
[Result "0-1"]
[WhiteElo "1872"]
[BlackElo "1975"]
[PlyCount "52"]
[EventDate "2002.10.20"]
[EventType "team-tourn"]
[EventRounds "9"]
[EventCountry "GER"]
[SourceTitle "EXT 2004"]
[Source "ChessBase"]
[SourceDate "2003.11.25"]
[SourceVersion "1"]
[SourceVersionDate "2003.11.25"]
[SourceQuality "1"]
[WhiteTeam "Freilassing"]
[BlackTeam "Vogtareuth"]
[WhiteTeamCountry "GER"]
[BlackTeamCountry "GER"]

1. e4 g6 2. d4 Bg7 3. Be3 d6 4. Nc3 Nd7 5. Be2 c5 6. Nf3 cxd4 7. Bxd4 Ngf6 8. Qd2 a6 9. h4 b5 10. a3 Bb7 11. Bd3 Nc5 12. Qe2 Rc8 13. Rd1 0-0 14. h5 Nxh5 15. Bxg7 Kxg7 16. Qe3 e5 17. Bf1 Qe7 18. Ng5 h6 19. Nh3 Ne6 20. g3 Nd4 21. Rd2 f5 22. Bd3 fxe4 23. Bxe4 Bxe4 24. Qxe4 Nf3+ 25. Kd1 Nxd2 26. Kxd2 Rc4 0-1

[Event "Regionalliga SO 0102"]
[Site "Bayern"]
[Date "2002.04.28"]
[Round "9.7"]
[White "Probst, Albert"]
[Black "Leibl, Ludwig"]
[Result "1-0"]
[WhiteElo "1950"]
[BlackElo "1890"]
[PlyCount "35"]
[EventDate "2001.10.07"]
[EventType "team-tourn"]
[EventRounds "9"]
[EventCountry "GER"]
[SourceTitle "EXT 2003"]
[Source "ChessBase"]
[SourceDate "2002.11.25"]
[SourceVersion "1"]
[SourceVersionDate "2002.11.25"]
[SourceQuality "1"]
[WhiteTeam "Vogtareuth"]
[BlackTeam "Straubing"]
[WhiteTeamCountry "GER"]
[BlackTeamCountry "GER"]

1. Nf3 Nc6 2. d4 e6 3. c4 d5 4. Nc3 Nf6 5. Bg5 dxc4 6. e4 Be7 7. Bxc4 h6 8. Bh4 g5 9. Bg3 g4 10. Ne5 Qxd4 11. Nxc6 Qxc4 12. Nxe7 Bd7 13. Bh4 Nxe4 14. Qxg4 Nd6 15. Qxc4 Nxc4 16. 0-0-0 Nd6 17. f4 b5 18. Rhe1 1-0